000 00210nam a22000857a 4500
008 161206b xxu||||| |||| 00| 0 eng d
100 _91876
_aSiromani. A
245 _aScience ahead
260 _aNew delhi
_bOrient
_c2007
999 _c4626
_d4626